000 00672nam a2200289Ia 4500
005 20260324133258.0
008 008 260324s9999 xx 000 0 eng d
020 _a9780203764657
037 _aEBOOK
040 _aCRL
040 _beng
040 _cCRL
041 _2eng
041 _aeng
084 _qCRL
100 _aAndrew MacLaran
_91192481
245 0 _aMaking Space
245 0 _bProperty Development and Urban Planning
260 _bTaylor and Francis
260 _c2003
365 _a
365 _b185
856 _uhttp://www.taylorfrancis.com/books/9780203764657
942 _cEBOOK
999 _c1791376
_d1791376